ADOLESCENCIA Y SEXUALIDAD PARA ELLOS Y NOSOTROS (Registro nro. 58969)
[ vista simple ]
| 000 -LEADER | |
|---|---|
| fixed length control field | 01077nam a2200205 a 4500 |
| 001 - CONTROL NUMBER | |
| control field | 58969 |
| 005 - DATE AND TIME OF LATEST TRANSACTION | |
| control field | 20180714055755.0 |
| 008 - FIXED-LENGTH DATA ELEMENTS--GENERAL INFORMATION | |
| fixed length control field | 140415s2009 mx 000 0 spa d |
| 020 ## - INTERNATIONAL STANDARD BOOK NUMBER | |
| International Standard Book Number | 9684372817 |
| 041 ## - LANGUAGE CODE | |
| Language code of text/sound track or separate title | spa |
| 082 ## - DEWEY DECIMAL CLASSIFICATION NUMBER | |
| Classification number | 370.11 |
| Item number | ITO |
| 100 1# - MAIN ENTRY--PERSONAL NAME | |
| Personal name | ITOZ, SONIA DE |
| 245 10 - TITLE STATEMENT | |
| Title | ADOLESCENCIA Y SEXUALIDAD PARA ELLOS Y NOSOTROS |
| 250 ## - EDITION STATEMENT | |
| Edition statement | 2a ed. |
| 260 ## - PUBLICATION, DISTRIBUTION, ETC. | |
| Place of publication, distribution, etc. | MEXICO : |
| Name of publisher, distributor, etc. | PAULINAS, |
| Date of publication, distribution, etc. | 2009 |
| 300 ## - PHYSICAL DESCRIPTION | |
| Extent | 55 |
| Dimensions | 11 x 0.8 x 16.5 |
| 520 ## - SUMMARY, ETC. | |
| Summary, etc. | VIVENCIAR LA SEXUALIDAD ES EXPERIMENTAR UN PROCESO QUE ENVUELVE SENTIMIENTOS, INTUICIONES, MIEDOS, AFECTOS, DUDAS, INSEGURIDADES, TERNURAS, IMPULSIVIDADES, EMOCIONES Y ANSIEDADES. REQUIERE FLEXIBILIDAD DE CONCEPTOS, UNA POSTURA FIRME, DISPONIBILIDAD PARA LA REFLEXIÓN, ESCUHCA Y APERTURA HACIA EL OTRO. HABLAR DE ADOLESCENCIA Y SEXUALIDAD ES, ANTE TODO, ESTAR DISPUESTO A PARENDER. EL MISMO ADOLESCENTE NOS HA ENSEÑADO LA TRANSPARECNIA EN LAS RELACIONES, LA TERNURA Y EL CARIÑO, POR ENCIMA |
| 650 14 - SUBJECT ADDED ENTRY--TOPICAL TERM | |
| Topical term or geographic name entry element | ADOLESCENTES |
| General subdivision | EDUCACION SEXUAL |
| -- | SEXUALIDAD |
| 740 ## - ADDED ENTRY--UNCONTROLLED RELATED/ANALYTICAL TITLE | |
| Uncontrolled related/analytical title | ADOLESCENCIA SEXUALIDADE PARA ELES E PARA NOS |
| Withdrawn status | Lost status | Source of classification or shelving scheme | Damaged status | Not for loan | Collection code | Home library | Current library | Shelving location | Date acquired | Source of acquisition | Inventory number | Total Checkouts | Full call number | Barcode | Date last seen | Date last checked out | Price effective from | Koha item type |
|---|---|---|---|---|---|---|---|---|---|---|---|---|---|---|---|---|---|---|
| Dewey Decimal Classification | General | Biblioteca Karol Wojtyla | Biblioteca Karol Wojtyla | Sala general | 03/12/2013 | Compra | 151000000000000000044045 | 370.11 ITO | 89238 | 21/05/2016 | 21/05/2016 | 04/09/2014 | Libro |